Planificació i gestió integral del litoral : eines, estratègies i bones pràctiques eines, estratègies i bones pràctiques
ISBN:
84-7794-882-8
Publicado:
Barcelona :
Diputació de Barcelona. Àrea d'Infraestructures, Urbanisme i Habitatge ,
2004
Descripción Física:
195 p. : il. ; 30 p.
Colección:
Espai blau ; 2
MARC
| LEADER | 00000nam a2200000Ia 4500 | ||
|---|---|---|---|
| 001 | 16547 | ||
| 008 | 160829s2004 xx 000 0 cat d | ||
| 020 | |a 84-7794-882-8 | ||
| 080 | |a M-5-29 | ||
| 245 | |a Planificació i gestió integral del litoral : |b eines, estratègies i bones pràctiques | ||
| 260 | |a Barcelona : |b Diputació de Barcelona. Àrea d'Infraestructures, Urbanisme i Habitatge, |c 2004 | ||
| 300 | |a 195 p. : |b il. ; |c 30 p. | ||
| 490 | |a Espai blau ; 2 | ||
| 650 | |a Zones costaneres |x Ordenació |x Barcelona (Província) |9 21957 | ||
| 710 | |a Barcelona (Catalunya : Província). |b Àrea d'Infraestructures, Urbanisme i Habitatge |9 13533 | ||
| 901 | |a Arxiu | ||
| 942 | |n 1 | ||
| 952 | |0 0 |1 0 |4 0 |6 M529 |7 1 |9 41962 |a Arxiu |b Arxiu |d 2016-12-01 |l 0 |o M-5-29 |p 16547 |r 2016-12-01 00:00:00 |w 2016-12-01 |y ARXIU | ||
| 999 | |c 44409 |d 44409 | ||